Регионална библиотека "Любен Каравелов" - Русе

Писма (Запис номер 55226)

MARC детайли
000 -Лидер
Контролно поле с фиксирана дължина 01213nam a2200313 c 4500
003 - Код на организацията, давaща контролен номер
Контролно поле BLK
005 - Дата и час на последна редакция
Контролно поле 20180422101901.0
008 - Елементи от данни с фиксирана дължина
fixed length control field 180408b bul|||||r ||||||| ||bul||
010 ## - Наследен системен номер
LC control number KNG00059191000
020 ## - Международен стандартен номер на книга ISBN
Международен стандартен номер на книга ISBN 954-407-200-4
-- издат.: Нов човек
040 ## - Източник на каталожния запис
Идентификатор на билиотеката - собственик на записа BLK
041 ## - Код за език
Код за езика на текст/звукозапис или на отделно заглавие Български
Код за езика КДБФ Български
080 ## - УДК
Текстов определител УДК Религиозна литература. Учебници по вероучение (религия)
УДК код - определител по УДК 244
УДК определител
УДК - код + определител 244
100 1# - Редна дума - Автор
Автор Нютън, Джон
Авторска отговорност първи автор
R(LIN) 286065
139 ## - Редно поле
Редна дума Нютън, Джон
Авторски знак Ню - Н 98
245 10 - Сведения за заглавието
Заглавие Писма
Редно поле (дума) Джон Нютън; състав. и прев. Габриела Самуилова Генчева.
257 ## - Страна на издаване
Страна на създаване/издаване Великобритания
260 ## - Област на издателските данни
-- София
Име на издателя, разпространителя и проч. Нов човек
Година на издаване 2005
Печатница София : Манта принт
300 ## - Физическа характеристика
Страници 127 с.
Размери/Мащаб 20 см
380 ## - Жанр
Жанр Религия. Теология
490 1# - СЕРИИ (Колекции)
Име на серия Класическо християнско наследство
500 ## - Общи забележки
Забележка Ориг. загл. Letters / John Newton
700 1# - Други автори (авторска отговорност)
Лично име Генчева, Габриела Самуилова
Автороска отговорност (Описва отношението между автора и произведението) състав. и прев.
9 (RLIN) 367074
852 ## - Местоположение
Форматна сигнатура Цб 227043
856 4# - Електронен адрес и достъп
Електронен формат pdf - файл
Път до файла /url/
856 4# - Електронен адрес и достъп
Електронен формат pdf - файл
Път до файла /url/
942 ## - АРТИКУЛИ
Вид на библиотечния материал Книги
Скрит в OPAC Не
944 ## - СЪЗДАВАНЕ И РЕДАКЦИЯ на ЗАПИСА
Създаване/Редакция Създаване
Дата на регистрацията/редакция 05.04.2006
Служител, извършил регистрацията/редакцията Валя_Йорданова
944 ## - СЪЗДАВАНЕ И РЕДАКЦИЯ на ЗАПИСА
Създаване/Редакция Редакция
Дата на регистрацията/редакция 05.04.2006
Служител, извършил регистрацията/редакцията
999 ## - СИСТЕМНИ КОНТРОЛНИ НОМЕРА
Koha biblionumber 55226
Koha biblioitemnumber 55226
Наличности
Код за отписване Код за изгубен артикул Код за повреда Коз за рестрикции Код за отдаване Артикулен № Име на библиотеката - собственик Име на библиотеката, в която се намира в момента Статус (Текущо местоположение) Дата на вписване в системата Местоположение - отдел Цена в лева Инвентарен номер Систематично азбучна сигнатура Баркод Номер на екземпляра Цена в евро Служебна бележка Служебен тип на артикула
  Не е изгубен Не е повреден без рестрикции ползва се в читалня 86943 Регионална библиотека "Любен Каравелов" Русе Регионална библиотека "Любен Каравелов" Русе Хранилище 2006-04-05 Хранилище 0.00 120000701499 Цб 227043 120000701499 1 0.00 Дост: Dp Вид: Д N: 12 Дата: 10.03.2005 Книги
Vip Innovations Ltd, Rousse, Bulgaria 2025